01184 a2200241 45000010006000000050017000060080041000230030015000640400040000790800104001192450143002230200018003662640033003843000017004175050115004340410008005491000037005577000100005947000095006947000027007897000028008168560098008444118120260407155705.0260407a1997 arg spa dAR-UNSa-BCEJYS aAR-UNSa-BCEJYSbspacAR-UNSa-BCEJYS a347.736xQuiebra. Insolvencia. Suspensión de pagos. Bancarrota, procedimientos. Derecho Concursal10aDerecho concursal argentino e iberoamericanopIII Congreso Argentino de derecho concursal ; I Congreso Iberoamericano sobre la insolvencia a950-894-104-9 1aBuenos Aires :bAD-HOCc1997 a4 v.c23 cm. aVol. I: prevención, concurso preventivo, salvataje -- Vol. II: quiebra, sindicatura, desempeño profesional aspa1 aFavier Dubois, Eduardo Mario (h)1 aCongreso Iberoamericano sobre la insolvencia (1º : 1997 nov. 27-29 : Mar del Plata, Argentina)1 aCongreso Argentino de Derecho Concursal (3º : 1997 nov. 27-29 : Mar del Plata, Argentina)1 aBergel, Salvador Dario1 aNissen, Ricardo Augusto41uhttps://biblioeco.unsa.edu.ar/pmb/images/libros/L126414_01.jpgyImagen de portadaqimage/jpeg